000 00555nam a2200193Ia 4500
005 20250326144803.0
008 250326s9999 xx 000 0 und d
020 _a0-13-228545-2
037 _aTextbook
040 _aFMSL
_beng
_cFMSL
041 _aeng
_2eng
084 _aU8 N8
_qFMSL
100 _aRiegel C
_9750106
245 0 _aHospitality and tourism careers: Blueprint for success
_cRiegel C; Dallas M
260 _aNew Jersey
_bNew Jersey, Prentice Hall
_c1998
300 _a252p
942 _cTB
_hU8 N8
999 _c1305054
_d1305054